Štvrťstoročie Slovenskej eparchie v Kanade

Bibliographic Details
Main Author: Gradoš, Juraj, 1974- (Author)
Format: Article
Language:Slovak
PhysicalDescription:Fotogr.
ISSN:1335-7492
Subjects:

MARC

LEADER 00000nab a2200000 a 4500
001 vtls008426169
003 SK-MaSNL
005 20260303065934.0
008 140417c2005 xo er|p|||||||000 b|slo
015 |a SNBRB2006/01  |2 snkbucl 
038 |a SNKBUCL 
040 |a SNKBUCL  |b slo  |c SNKBUCL  |e AACR2 
041 0 |a slo 
044 |a xo  |c SK 
080 |a 281.94(437.6:71)  |2 1997 
100 1 |a Gradoš, Juraj,  |d 1974-  |4 aut  |9 183841 
245 1 0 |a Štvrťstoročie Slovenskej eparchie v Kanade  |c Juraj Gradoš 
300 |b Fotogr. 
610 2 7 |a Gréckokatolícka cirkev  |2 snkbucl  |9 32576 
610 2 7 |a Slovenská eparchia v Kanade  |2 snkbucl  |9 1066667 
773 0 |t Slovo : časopis gréckokatolíckej cirkvi  |g Roč. XXXVII, č. 25-26 (2005), s. 10-11  |x 1335-7492 
852 |a SNK  |b KIS3GCP 
958 |a CA 
958 |a NT 
958 |a SK 
999 |c 1753337  |d 1755267